IFM Opac

Auditing (Record no. 22138)

MARC details
000 -LEADER
fixed length control field 00320nam a22001457a 4500
020 ## - INTERNATIONAL STANDARD BOOK NUMBER
ISBN 978-1-4737-7899-3
082 ## - DEWEY DECIMAL CLASSIFICATION NUMBER
Classification number 657.45
100 ## - MAIN ENTRY--AUTHOR NAME
Personal name Millichamp, Alan
245 ## - TITLE STATEMENT
Title Auditing
250 ## - EDITION STATEMENT
Edition statement 12th
260 ## - PUBLICATION, DISTRIBUTION, ETC. (IMPRINT)
Place of publication Andover:
Name of publisher Cengage,
Year of publication 2022
300 ## - PHYSICAL DESCRIPTION
Number of Pages xvii, 593p.: ill.; 25cm
700 ## - ADDED ENTRY--PERSONAL NAME
Personal name Taylor, John
942 ## - ADDED ENTRY ELEMENTS (KOHA)
Koha item type Books
Holdings
Withdrawn status Lost status Damaged status Not for loan Collection code Permanent Location Current Location Shelving location Date acquired Source of acquisition Full call number Accession Number Price effective from Koha item type
        Non-fiction IFM Main Campus Library IFM Main Campus Library Work Room processing 01/13/2026 Purchased 657.45 MIL 0000030498 01/13/2026 Books
        Non-fiction IFM Main Campus Library IFM Main Campus Library Work Room processing 01/13/2026 Purchased 657.45 MIL 0000030499 01/13/2026 Books
        Non-fiction IFM Main Campus Library IFM Main Campus Library Work Room processing 01/13/2026 Purchased 657.45 MIL 0000030500 01/13/2026 Books